|
|
|
|
| LEADER |
00000nim a2200000 a 4500 |
| 001 |
vtls012228748 |
| 003 |
SK-MaSNL |
| 005 |
20260301023327.0 |
| 007 |
sd fsngnnmmnud |
| 008 |
230502s2023 xo nnnnfs z n slo |
| 015 |
|
|
|a SNBJ2024
|
| 020 |
|
|
|a 9788018113271
|q (zvuková kniha)
|
| 040 |
|
|
|a SNK
|b slo
|c SNK
|e AACR2
|
| 041 |
0 |
|
|a slo
|
| 044 |
|
|
|a xo
|c SK
|
| 072 |
|
7 |
|a 551
|x Geológia. Meteorológia. Klimatológia
|2 konspekt
|
| 080 |
|
|
|a 551.58
|2 2011
|
| 080 |
|
|
|a 551.583
|2 2011
|
| 080 |
|
|
|a 316.42
|2 2011
|
| 080 |
|
|
|a 502.11(091)
|2 2011
|
| 080 |
|
|
|a 502.1
|2 2011
|
| 080 |
|
|
|a 504.4(091)
|2 2001
|
| 080 |
|
|
|a 930.85
|2 2011
|
| 080 |
|
|
|a 504
|2 2011
|
| 080 |
|
|
|a (086.76)
|2 2001
|
| 245 |
0 |
0 |
|a Klíma v dejinách
|h elektronický zdroj
|b ako ľudí ovplyvňovala príroda a klimatické zmeny
|c Branislav Kovár, Lucia Benediková, Oliver Zajac (eds.) ; číta: Igor Šabek
|
| 260 |
|
|
|a Levoča
|b Slovenská knižnica pre nevidiacich Mateja Hrebendu
|c 2023
|
| 300 |
|
|
|a 1 elektronický optický disk (CD-ROM)
|b digitálny, mono
|c 12cm
|
| 306 |
|
|
|a 173000
|
| 520 |
8 |
|
|a Klíma je jediná sila na našej planéte, ktorá dokázala globálne ovplyvniť ľudské dejiny. Aj malá zmena klimatických podmienok mohla mať fatálny vplyv na ľudské spoločnosti na jednotlivých kontinentoch. Slovenskí a zahraniční vedci sa zamysleli, ako klíma vplývala na naše a svetové dejiny.
|
| 521 |
|
|
|a pre nevidiacich, slabozrakých a inak zdravotne postihnutých
|
| 650 |
0 |
7 |
|a klíma
|2 SNKPH
|9 834
|
| 650 |
0 |
7 |
|a klimatické zmeny
|2 SNKPH
|9 3351
|
| 650 |
0 |
7 |
|a globálne zmeny
|2 SNKPH
|9 68310
|
| 650 |
0 |
7 |
|a človek a príroda
|2 SNKPH
|9 68364
|
| 650 |
0 |
7 |
|a environmentálne dejiny
|2 SNKPH
|9 195568
|
| 650 |
0 |
7 |
|a dejiny katastrof
|2 SNKPH
|9 205988
|
| 650 |
0 |
7 |
|a dejiny civilizácie
|2 SNKPH
|9 4306
|
| 650 |
0 |
7 |
|a globálne problémy životného prostredia
|2 SNKPH
|9 67107
|
| 650 |
0 |
7 |
|a človek a životné prostredie
|2 SNKPH
|9 67108
|
| 655 |
|
7 |
|a zvukové záznamy
|2 SNKPH
|9 70720
|
| 655 |
|
7 |
|a populárno-náučné publikácie
|2 SNKPH
|9 70460
|
| 655 |
|
7 |
|a CD-ROM
|2 SNKPH
|9 70236
|
| 700 |
1 |
|
|a Šabek, Igor
|4 nrt
|9 312613
|
| 700 |
1 |
|
|a Kovár, Branislav,
|d 1977-
|4 edt
|9 104712
|
| 700 |
1 |
|
|a Benediková, Lucia
|4 edt
|9 7509
|
| 700 |
1 |
|
|a Zajac, Oliver
|4 edt
|9 315514
|
| 752 |
|
|
|a Slovensko
|d Levoča
|
| 787 |
0 |
8 |
|i Podľa knihy:
|t Klíma v dejinách : ako ľudí ovplyvňovala príroda a klimatické zmeny
|d Bratislava : Premedia, 2022
|z 978-80-8242-101-2
|
| 919 |
|
|
|a 978-80-18-11327-1
|
| 999 |
|
|
|c 568968
|d 570898
|
| 952 |
|
|
|a SNK
|b SNK
|y NEVYP
|7 1
|p 17A1544063
|o snkSCD 6861
|i snk2024/6595
|8 0
|0 0
|1 0
|4 0
|d 2024-04-24
|l 0
|r 2026-02-23 14:09:21
|w 2026-02-23
|